000 00278nam a22001217a 4500
082 _a540
_bKUM/C
100 _aCHANDANA KUMAR
245 _aCHEMISTRY
_bFOR CLASS XII
260 _aDELHI
_bFULLMARKS PVT LTD
300 _a492
650 _aCHEMISTRY FOR CLASS XII
_zINDIA
942 _cBK
999 _c690
_d690